|
|
|
|
| LEADER |
00000cam a2200000 a 4500 |
| 001 |
12337 |
| 005 |
20230308173316.0 |
| 008 |
949012|1944 ||||||||r|||||||||||spa|| |
| 040 |
|
|
|b spa
|
| 041 |
1 |
|
|a spa
|
| 082 |
0 |
|
|a 188
|
| 100 |
1 |
|
|a Marco Aurelio
|9 8940
|
| 245 |
|
|
|a Soliloquios
|c Marco Aurelio
|h imp
|
| 264 |
|
|
|a México
|b Secretaría de Educación Pública
|c 1944
|
| 300 |
|
|
|a 87 páginas:
|c 20 cm
|
| 490 |
|
|
|a Biblioteca Enciclopédica Popular
|n no. 29
|
| 650 |
|
|
|a Estoicismo
|9 8941
|
| 650 |
|
|
|a Marco aurelio
|9 11170
|
| 852 |
|
|
|a UC-CDJBV
|c ESTANTERIA CERRADA
|f Compra
|k margarita.gutierrez
|l 1
|m General
|p 19490125
|r 2
|t 12337
|b 0
|d CDRC
|e CDRC
|g 188 ESTANTERIA CERRADA
|z 1949-90-12
|
| 942 |
|
|
|c BK
|0 1
|
| 999 |
|
|
|c 42900
|d 42900
|